00564nam a2200205Ia 4500003000400000005001700004006001800021007000300039008004100042024001000083037001800093040001800111041001300129100001700142110006200159245004500221260000900266650002100275700006200296OSt20220930195332.0a|||||r|||| 00| 0ta220926b |||||||| |||| 00| 0 hin d a15066 cDissertations aCRLcCRLbhin 2hinahin aGupta Sharda aUniversity of Delhi. Faculty of Arts. Department of Hindi 0aKeshav ke kavya par rajdarbar ka prabhav c1969 aHINDI LITERATURE aUniversity of Delhi. Faculty of Arts. Department of Hindi